| Tag |
First Indicator |
Second Indicator |
Subfields |
| LEADER |
00000cam a22000001a 4500 |
| 001 |
in00003348639 |
| 006 |
m d f |
| 007 |
cr bn mmmapmmp |
| 008 |
110210s2005 dcu o f000 0 eng d |
| 005 |
20260430161546.1 |
| 035 |
|
|
|a cis2007801147
|
| 040 |
|
|
|a ProQuest
|c ProQuest
|d UtOrBLW
|
| 043 |
|
|
|a n-us---
|
| 099 |
|
|
|a CMP-2005-BGH-0059
|
| 110 |
1 |
|
|a United States.
|b Congress.
|b House.
|b Committee on the Budget.
|
| 245 |
1 |
0 |
|a Appropriations Update :
|b Vol. 5, No. 22 : FY2006 Departments of Transportation, Treasury, Housing and Urban Development, the Judiciary, D.C., and Independent Agencies Appropriations Bill -- H.R. 3058, Conference Report.
|
| 264 |
|
1 |
|a [Washington] :
|b [U.S. G.P.O.],
|c 2005.
|
| 300 |
|
|
|a 1 online resource.
|
| 336 |
|
|
|a text
|b txt
|2 rdacontent
|
| 337 |
|
|
|a computer
|b c
|2 rdamedia
|
| 338 |
|
|
|a online resource
|b cr
|2 rdacarrier
|
| 500 |
|
|
|a Record is based on bibliographic data in ProQuest U.S. Congressional Research Digital Collection. Reuse except for individual research requires license from ProQuest, LLC.
|
| 500 |
|
|
|a Electronic resource.
|
| 610 |
1 |
0 |
|a United States.
|b Executive Office of the President
|x Appropriations and expenditures.
|
| 610 |
1 |
0 |
|a United States.
|b Department of Housing and Urban Development
|x Appropriations and expenditures.
|
| 610 |
1 |
0 |
|a United States.
|b Department of the Treasury
|x Appropriations and expenditures.
|
| 610 |
1 |
0 |
|a United States.
|b Department of Transportation
|x Appropriations and expenditures.
|
| 650 |
|
0 |
|a Budget
|z United States.
|
| 655 |
|
7 |
|a Electronic books.
|2 local
|
| 710 |
2 |
|
|a ProQuest (Firm)
|
| 776 |
0 |
8 |
|i Print version:
|a United States. Congress. House. Committee on the Budget.
|t Appropriations Update
|
| 776 |
0 |
8 |
|i Microfiche version:
|a United States. Congress. House. Committee on the Budget.
|t Appropriations Update.
|d [Bethesda, Md.] : ProQuest,[2004]
|o CIS 2005 H262-60
|w (ProQuest)cis00505323
|
| 830 |
|
0 |
|a U.S. Congressional Research.
|
| 856 |
4 |
0 |
|u http://proxy.library.tamu.edu/login?url=https://congressional.proquest.com/congcomp/getdoc?CRDC-ID=CMP-2005-BGH-0059
|z Connect to the full text of this electronic book
|t 0
|
| 998 |
|
|
|a cis00505323
|
| 999 |
|
|
|a MARS
|
| 999 |
f |
f |
|s 10dee453-7a7a-3445-825e-83adfd78cb9d
|i 89b990a3-abe2-3a22-947c-a9c922f0cc71
|t 0
|
| 952 |
f |
f |
|a Texas A&M University
|b College Station
|c Electronic Resources
|s www_evans
|d Available Online
|t 0
|e CMP-2005-BGH-0059
|h Other scheme
|
| 998 |
f |
f |
|a CMP-2005-BGH-0059
|t 0
|l Available Online
|